|
|
|
|
| LEADER |
00000nam a22000007a 4500 |
| 005 |
20111005121020.0 |
| 008 |
111005s2010 mx |||||s|||| 00||0 spa d |
| 020 |
|
|
|a 607-09-0513-1
|
| 035 |
|
|
|a 4984
|
| 040 |
|
|
|a vLex
|
| 090 |
|
|
|c 2616
|d 2616
|
| 100 |
1 |
|
|a Hikal Carren̤, Wael Sarwat
|
| 245 |
1 |
0 |
|a Criminologa̕, derechos humanos y garanta̕s individuales
|h [Recurso electrn̤ico] :
|b La necesidad de reorganizar y sistematizar el conocimiento criminolg̤ico: Criminologa̕ de los derechos humanos /
|c Wael Sarwat Hikal Carren̤
|
| 256 |
|
|
|a Servicio en ln̕ea.
|
| 260 |
|
|
|a Mx̌ico, D.F :
|b Editorial Porra︢,
|c 2010.
|
| 300 |
|
|
|a 1 recurso electrn̤ico
|
| 506 |
1 |
|
|a Contenido solo disponible en los productos indicados
|d vLex Global
|d vLex Global (Academic Edition, excluding Law Schools)
|d vLex Global (U.S. Academic Edition, Law Schools)
|d vLex Global (U.S. Academic Edition, excluding Law Schools)
|d vLex Global (Academic Edition, Law Schools)
|
| 650 |
0 |
4 |
|a Criminologa̕
|z Mx̌ico
|
| 650 |
0 |
4 |
|a Garanta̕s (Derecho)
|z Mx̌ico
|
| 650 |
0 |
4 |
|a Derechos humanos
|z Mx̌ico
|
| 740 |
0 |
|
|a vLex Libros (Servicio en ln̕ea)
|
| 856 |
4 |
0 |
|u http://vlex.com/source/criminologia-derechos-humanos-garantias-individuales-4984
|z Acceso restringido
|
| 942 |
|
|
|c BOOK
|